000
00311nam a22001337a 4500
003
OSt
005
20160727222454.0
008
160705b xxu||||| |||| 00| 0 eng d
100
_9
2137
_a
Dick, I
245
_a
Wild Orchard
260
_a
Chicago
_b
People's Book Club
300
_a
Wild Orchard
942
_2
ddc
_c
BK
999
_c
1831
_d
1831